The Corporate Social Challenge : (Record no. 609922)

MARC details
000 -LEADER
fixed length control field 00459nam a2200181 a 4500
001 - CONTROL NUMBER
control field 1769943201194
003 - CONTROL NUMBER IDENTIFIER
control field YourLibrary
005 - DATE AND TIME OF LATEST TRANSACTION
control field 20260201164119.0
008 - FIXED-LENGTH DATA ELEMENTS--GENERAL INFORMATION
fixed length control field 260201s1994##################000#0#eng##
020 ## - INTERNATIONAL STANDARD BOOK NUMBER
International Standard Book Number 9780072292367
082 04 - DEWEY DECIMAL CLASSIFICATION NUMBER
Classification number 302.35
Item number STA
040 ## - CATALOGING SOURCE
Original cataloging agency YourLibrary
Language of cataloging eng
Transcribing agency YourLibrary
100 1# - MAIN ENTRY--PERSONAL NAME
Personal name Stacey, James E.,
Relator term author.
245 10 - TITLE STATEMENT
Title The Corporate Social Challenge :
260 ## - PUBLICATION, DISTRIBUTION, ETC.
Date of publication, distribution, etc. 1994.
650 #0 - SUBJECT ADDED ENTRY--TOPICAL TERM
Topical term or geographic name entry element Industries.
942 ## - ADDED ENTRY ELEMENTS (KOHA)
Koha item type English Books
Holdings
Withdrawn status Lost status Damaged status Not for loan Home library Current library Shelving location Date acquired Total Checkouts Full call number Barcode Date last seen Price effective from Koha item type
        Anna Centenary Library Anna Centenary Library 3RD FLOOR, B WING 01.02.2026   302.35 STA 407817 01.02.2026 01.02.2026 English Books

Find us on the map